|
|
|
|
| LEADER |
01236nam a2200301 a 4500 |
| 001 |
3505200 |
| 008 |
091221s1996 enk b 001 0 eng d |
| 010 |
|
|
|a 95015786
|
| 020 |
|
|
|a 0335195075 (hb)
|
| 020 |
|
|
|a 0335195067 (pb)
|
| 040 |
|
|
|a DLC
|c DLC
|d DLC
|d BD-DhAAL
|
| 082 |
0 |
0 |
|a 362.82/92/0941
|2 20
|
| 245 |
0 |
0 |
|a Women, violence, and male power :
|b feminist activism, research, and practice /
|c edited by Marianne Hester, Liz Kelly, and Jill Radford.
|
| 260 |
|
|
|a Buckingham ;
|a Philadelphia :
|b Open University Press,
|c 1996.
|
| 300 |
|
|
|a ix, 194 p. ;
|c 24 cm.
|
| 504 |
|
|
|a Includes bibliographical references and index.
|
| 541 |
1 |
|
|e 00005553
|
| 650 |
|
0 |
|a Women
|x Crimes against
|z Great Britain.
|
| 650 |
|
0 |
|a Sexual abuse victims
|z Great Britain.
|
| 650 |
|
0 |
|a Sex crimes
|z Great Britain.
|
| 650 |
|
0 |
|a Patriarchy
|z Great Britain.
|
| 650 |
|
0 |
|a Feminist theory
|z Great Britain.
|
| 700 |
1 |
|
|a Hester, Marianne,
|d 1955-
|
| 700 |
1 |
|
|a Kelly, Liz.
|
| 700 |
1 |
|
|a Radford, Jill,
|d 1947-
|
| 852 |
4 |
|
|a Ayesha Abed Library
|j General shelf
|
| 999 |
|
|
|c 6303
|d 6303
|
| 952 |
|
|
|0 0
|1 0
|2 ddc
|4 0
|6 362_829209410000000_WOM_1996
|7 0
|9 6341
|a BRACUL
|b BRACUL
|c GEN
|d 2009-12-21
|g 1280.00
|l 1
|m 2
|o 362.82920941 WOM
|p 3010005553
|r 2017-04-13
|s 2017-03-28
|t 1
|w 2009-12-21
|y BK
|